000 00423nam a2200157Ia 4500
008 240729s9999 xx 000 0 und d
022 _a1177-889X
245 0 _aPatient Preference and Adherence
260 _aUnited Kingdom
260 _bDove Medical Press
650 _a Medicine (General)
650 _aMedicine
856 _uhttps://doaj.org/toc/0172cf70305845508fb05fe7bcae115f
942 _2ddc
942 _cDOAJEJ
999 _c73830
_d73830
945 _a1
_bMadushi Gamage
_c1
_dMadushi Gamage